|
|
|
|
| LEADER |
00000cam a22000004a 4500 |
| 001 |
musev2_5218 |
| 003 |
MdBmJHUP |
| 005 |
20230905040626.0 |
| 006 |
m o d |
| 007 |
cr||||||||nn|n |
| 008 |
061004s2007 nyu o 00 0 eng d |
| 010 |
|
|
|z 2006032682
|
| 020 |
|
|
|a 9780791479773
|
| 020 |
|
|
|z 079147173X
|
| 020 |
|
|
|z 9780791471739
|
| 035 |
|
|
|a (OCoLC)191683589
|
| 040 |
|
|
|a MdBmJHUP
|c MdBmJHUP
|
| 043 |
|
|
|a e-sp---
|
| 050 |
0 |
4 |
|a PQ6073.H65
|b P47 2007
|
| 082 |
0 |
|
|a 860.9/353
|2 22
|
| 100 |
1 |
|
|a Perez-Sánchez, Gema,
|d 1965-
|
| 245 |
1 |
0 |
|a Queer Transitions in Contemporary Spanish Culture :
|b From Franco to LA MOVIDA /
|c Gema Perez-Sánchez.
|
| 264 |
|
1 |
|a New York :
|b State University of New York Press,
|c 2007.
|
| 264 |
|
3 |
|a Baltimore, Md. :
|b Project MUSE,
|c 2012
|
| 264 |
|
4 |
|c ©2007.
|
| 300 |
|
|
|a 1 online resource (273 pages):
|b ill. ;
|
| 336 |
|
|
|a text
|b txt
|2 rdacontent
|
| 337 |
|
|
|a computer
|b c
|2 rdamedia
|
| 338 |
|
|
|a online resource
|b cr
|2 rdacarrier
|
| 504 |
|
|
|a Includes bibliographical references (p. 223-241) and index.
|
| 505 |
0 |
|
|a Franco's Spain and the self-loathing homosexual model -- Reading, writing, and the love that dares not speak its name -- From castrating fascist, mother-nation to cross-dressed late-capitalist democracy : Eduardo Mendicutti's Una mala noche la tiene cualquiera -- A voyage in feminist pedagogy : citationality in Cristina Peri Rossi's La nave de los locos -- Drawing difference : the cultural renovations of the 1980s.
|
| 588 |
|
|
|a Description based on print version record.
|
| 650 |
|
0 |
|a Fascism and literature
|z Spain .
|
| 650 |
|
0 |
|a Literature and society
|z Spain.
|
| 650 |
|
0 |
|a Homosexuality in literature.
|
| 650 |
|
0 |
|a Spanish literature
|y 20th century
|x History and criticism.
|
| 655 |
|
7 |
|a Electronic books.
|2 local
|
| 710 |
2 |
|
|a Project Muse.
|e distributor
|
| 830 |
|
0 |
|a Book collections on Project MUSE.
|
| 856 |
4 |
0 |
|z Texto completo
|u https://projectmuse.uam.elogim.com/book/5218/
|
| 945 |
|
|
|a Project MUSE - Custom Collection
|
| 945 |
|
|
|a Project MUSE - Archive Complete Foundation
|
| 945 |
|
|
|a Project MUSE - Archive Global Cultural Studies Foundation
|